| 000 | 00423nam a2200181Ia 4500 | ||
|---|---|---|---|
| 001 | 15932 | ||
| 005 | 20260306170232.0 | ||
| 008 | 260306t2003||||xx |||||||||||||| ||und|| | ||
| 041 | _aESP | ||
| 082 |
_a620.82 _bM84 |
||
| 100 |
_aMondelo, Pedro R. _eAUT |
||
| 245 | 0 |
_aErgonomía 1 : _bfundamentos |
|
| 260 | _c2003 | ||
| 300 |
_a194 páginas : _c26 cm. |
||
| 650 | _aGEN | ||
| 654 | _aCII | ||
| 942 |
_cLIB _dJUS _fJUS _2ddc _n |
||
| 999 |
_c15932 _d15932 |
||